000 00478nam a2200181Ia 4500
001 21501
005 20260306172924.0
008 260306t2004||||xx |||||||||||||| ||spa||
041 _aESP
082 _a345.11
_bM84
100 _aMonroy Gálvez, Juan F. [1950-...]
_eAUT
245 0 _aLa función del juez en el derecho contemporáneo:
_bserie clásicos del derecho
260 _c2004
300 _a
_c20 cm.
650 _aGEN
654 _aCDE
942 _cLIB
_dJUS
_fJUS
_2ddc
_n
999 _c21501
_d21501